[Event "DVM U20 2021"]
[Site "Kiel GER"]
[Date "2022.07.23"]
[Round "1"]
[White "Hagenmeyer, Felix"]
[Black "Kravtsov, Maksim"]
[Result "1-0"]
[Termination "normal"]
[Board "7.5"]
[WhiteElo "1651"]
[BlackElo "1856"]
[WhiteClock "01:17:03"]
[BlackClock "00:55:47"]
[WhiteTeam "Heilbronner SV"]
[BlackTeam "Karlsruher SF 1853"]
[PlyCount "37"]
[WhiteFideId "34612572"]
[BlackFideId "54173868"]
[EventCountry "GER"]
[EventRounds "7"]
[EventType "team-swiss"]
[EventDate "2022.07.22"]

1. e4 {[%clk 01:30:58]} {[%emt 00:00:01]} e6 {[%clk 01:29:23]} {[%emt
00:01:37]} 2. d4 {[%clk 01:31:17]} {[%emt 00:00:12]} d5 {[%clk 01:29:48]}
{[%emt 00:00:05]} 3. exd5 {[%clk 01:30:31]} {[%emt 00:01:17]} exd5 {[%clk
01:30:03]} {[%emt 00:00:13]} 4. Nf3 {[%clk 01:30:51]} {[%emt 00:00:10]} Bd6
{[%clk 01:29:02]} {[%emt 00:01:32]} 5. Bd3 {[%clk 01:31:12]} {[%emt 00:00:09]}
h6 {[%clk 01:28:54]} {[%emt 00:00:37]} 6. O-O {[%clk 01:30:03]} {[%emt
00:01:39]} Ne7 {[%clk 01:29:15]} {[%emt 00:00:10]} 7. h3 {[%clk 01:29:09]}
{[%emt 00:01:23]} Nd7 {[%clk 01:27:09]} {[%emt 00:02:36]} 8. Nbd2 {[%clk
01:26:39]} {[%emt 00:03:00]} Nf8 {[%clk 01:25:28]} {[%emt 00:02:11]} 9. Ne5
{[%clk 01:23:52]} {[%emt 00:03:17]} Bxe5 {[%clk 01:24:05]} {[%emt 00:01:54]}
10. dxe5 {[%clk 01:24:10]} {[%emt 00:00:12]} Nfg6 {[%clk 01:24:13]} {[%emt
00:00:22]} 11. Re1 {[%clk 01:23:52]} {[%emt 00:00:48]} Be6 {[%clk 01:14:24]}
{[%emt 00:10:18]} 12. Nb3 {[%clk 01:22:36]} {[%emt 00:01:47]} b6 {[%clk
01:11:48]} {[%emt 00:03:06]} 13. Nd4 {[%clk 01:21:44]} {[%emt 00:01:22]} Qd7
{[%clk 01:09:38]} {[%emt 00:02:41]} 14. f4 {[%clk 01:20:52]} {[%emt 00:01:21]}
h5 {[%clk 00:56:42]} {[%emt 00:13:26]} 15. f5 {[%clk 01:18:50]} {[%emt
00:02:33]} Bxf5 {[%clk 00:56:46]} {[%emt 00:00:25]} 16. Nxf5 {[%clk 01:19:15]}
{[%emt 00:00:05]} Nxf5 {[%clk 00:57:11]} {[%emt 00:00:05]} 17. e6 {[%clk
01:18:29]} {[%emt 00:00:03]} fxe6 {[%clk 00:55:22]} {[%emt 00:03:33]} 18. Bxf5
{[%clk 01:18:51]} {[%emt 00:00:08]} Nf8 {[%clk 00:55:47]} {[%emt 00:00:05]} 19.
Qe2 {[%clk 01:17:03]} {[%emt 00:02:18]} 1-0

[Event "DVM U20 2021"]
[Site "Kiel GER"]
[Date "2022.07.23"]
[Round "1"]
[White "Borodaev, Roman"]
[Black "Lob, Niklas"]
[Result "0-1"]
[Termination "normal"]
[Board "7.6"]
[WhiteElo "1605"]
[BlackElo "1530"]
[WhiteClock "00:09:17"]
[BlackClock "00:01:33"]
[WhiteTeam "Karlsruher SF 1853"]
[BlackTeam "Heilbronner SV"]
[PlyCount "57"]
[WhiteFideId "16274881"]
[BlackFideId "34621555"]
[EventCountry "GER"]
[EventRounds "7"]
[EventType "team-swiss"]
[EventDate "2022.07.22"]

1. e4 {[%clk 01:30:59]} c5 {[%clk 01:30:52]} {[%emt 00:00:08]} 2. Nf3 {[%clk
01:31:26]} {[%emt 00:00:03]} Nc6 {[%clk 01:31:09]} {[%emt 00:00:13]} 3. d4
{[%clk 01:31:54]} {[%emt 00:00:03]} cxd4 {[%clk 01:31:27]} {[%emt 00:00:11]} 4.
Nxd4 {[%clk 01:32:21]} {[%emt 00:00:03]} Nf6 {[%clk 01:31:12]} {[%emt
00:00:45]} 5. Nc3 {[%clk 01:32:44]} {[%emt 00:00:06]} e5 {[%clk 01:30:49]}
{[%emt 00:00:52]} 6. Ndb5 {[%clk 01:32:47]} {[%emt 00:00:28]} d6 {[%clk
01:30:42]} {[%emt 00:00:37]} 7. Bg5 {[%clk 01:31:29]} {[%emt 00:01:48]} a6
{[%clk 01:29:25]} {[%emt 00:01:47]} 8. Na3 {[%clk 01:31:52]} {[%emt 00:00:07]}
b5 {[%clk 01:28:19]} {[%emt 00:01:35]} 9. Nd5 {[%clk 01:32:17]} {[%emt
00:00:06]} Be7 {[%clk 01:25:40]} {[%emt 00:03:09]} 10. Bxf6 {[%clk 01:32:40]}
{[%emt 00:00:08]} gxf6 {[%clk 01:24:01]} {[%emt 00:02:08]} 11. c3 {[%clk
01:26:24]} {[%emt 00:06:46]} f5 {[%clk 01:15:53]} {[%emt 00:08:38]} 12. exf5
{[%clk 01:17:48]} {[%emt 00:09:06]} Bxf5 {[%clk 01:11:53]} {[%emt 00:04:30]}
13. Qf3 {[%clk 01:18:06]} {[%emt 00:00:13]} Bd7 {[%clk 01:02:51]} {[%emt
00:09:31]} 14. Bd3 {[%clk 01:18:03]} {[%emt 00:00:34]} Rc8 {[%clk 00:47:17]}
{[%emt 00:16:04]} 15. Nc2 {[%clk 01:08:08]} {[%emt 00:10:24]} Na5 {[%clk
00:36:04]} {[%emt 00:11:43]} 16. Ncb4 {[%clk 01:00:33]} {[%emt 00:08:05]} Nc4
{[%clk 00:32:27]} {[%emt 00:04:06]} 17. Bxc4 {[%clk 00:45:29]} {[%emt
00:15:34]} Rxc4 {[%clk 00:29:50]} {[%emt 00:03:06]} 18. Nxa6 {[%clk 00:45:47]}
{[%emt 00:00:12]} f5 {[%clk 00:17:34]} {[%emt 00:12:46]} 19. Qh5+ {[%clk
00:37:33]} {[%emt 00:08:44]} Kf8 {[%clk 00:17:12]} {[%emt 00:00:51]} 20. O-O-O
{[%clk 00:34:31]} {[%emt 00:03:33]} Bg5+ {[%clk 00:13:23]} {[%emt 00:04:20]}
21. Kb1 {[%clk 00:34:23]} {[%emt 00:00:38]} Be8 {[%clk 00:13:14]} {[%emt
00:00:39]} 22. Qh3 {[%clk 00:30:20]} {[%emt 00:04:34]} Bg6 {[%clk 00:12:22]}
{[%emt 00:01:22]} 23. f3 {[%clk 00:28:24]} {[%emt 00:02:26]} Ra4 {[%clk
00:06:30]} {[%emt 00:06:22]} 24. Nab4 {[%clk 00:28:03]} {[%emt 00:00:51]} Kg7
{[%clk 00:05:03]} {[%emt 00:01:57]} 25. g3 {[%clk 00:19:42]} {[%emt 00:08:51]}
e4 {[%clk 00:03:56]} {[%emt 00:01:38]} 26. fxe4 {[%clk 00:17:09]} {[%emt
00:03:03]} fxe4 {[%clk 00:04:12]} {[%emt 00:00:14]} 27. Ka1 {[%clk 00:15:52]}
{[%emt 00:01:47]} e3 {[%clk 00:02:10]} {[%emt 00:02:33]} 28. Rhe1 {[%clk
00:15:29]} {[%emt 00:00:52]} Qa5 {[%clk 00:01:33]} {[%emt 00:01:07]} 29. Qg4
{[%clk 00:09:17]} {[%emt 00:06:43]} 0-1

[Event "DVM U20 2021"]
[Site "Kiel GER"]
[Date "2022.07.23"]
[Round "2"]
[White "Engel, Luis"]
[Black "Elier, Ali"]
[Result "1-0"]
[Termination "normal"]
[Board "1.1"]
[WhiteTitle "GM"]
[WhiteElo "2558"]
[BlackElo "2144"]
[WhiteClock "00:23:28"]
[BlackClock "00:21:39"]
[WhiteTeam "Hamburger SK von 1830 eV"]
[BlackTeam "Schachfreunde Brackel 1930 e. V."]
[PlyCount "69"]
[WhiteFideId "12961523"]
[BlackFideId "16217543"]
[EventCountry "GER"]
[EventRounds "7"]
[EventType "team-swiss"]
[EventDate "2022.07.22"]

1. e4 {[%clk 01:30:58]} {[%emt 00:00:02]} e5 {[%clk 01:30:54]} {[%emt
00:00:06]} 2. Nf3 {[%clk 01:31:23]} {[%emt 00:00:05]} Nc6 {[%clk 01:31:17]}
{[%emt 00:00:07]} 3. Bc4 {[%emt 00:00:08]} Nf6 {[%clk 01:31:42]} {[%emt
00:00:02]} 4. d3 {[%clk 01:32:13]} {[%emt 00:00:05]} Qe7 {[%clk 01:32:09]}
{[%emt 00:00:03]} 5. a4 {[%clk 01:32:36]} {[%emt 00:00:07]} d6 {[%clk
01:32:27]} {[%emt 00:00:12]} 6. a5 {[%clk 01:32:58]} {[%emt 00:00:09]} a6
{[%clk 01:32:53]} {[%emt 00:00:04]} 7. Nc3 {[%clk 01:33:22]} {[%emt 00:00:06]}
h6 {[%clk 01:33:02]} {[%emt 00:00:20]} 8. O-O {[%clk 01:32:54]} {[%emt
00:00:57]} g5 {[%clk 01:33:20]} {[%emt 00:00:12]} 9. Re1 {[%clk 01:33:08]}
{[%emt 00:00:17]} Bg7 {[%emt 00:00:57]} 10. b4 {[%clk 01:30:59]} {[%emt
00:01:58]} Nxb4 {[%clk 01:32:29]} {[%emt 00:01:35]} 11. d4 {[%emt 00:00:42]}
Nc6 {[%emt 00:01:35]} 12. Nd5 {[%emt 00:06:41]} Qd8 {[%clk 01:27:33]} {[%emt
00:01:11]} 13. dxe5 {[%clk 01:25:21]} {[%emt 00:02:55]} Nxd5 {[%clk 01:22:22]}
{[%emt 00:05:41]} 14. exd5 {[%clk 01:24:12]} {[%emt 00:01:39]} Nxe5 {[%clk
01:22:21]} {[%emt 00:00:30]} 15. Nxe5 {[%clk 01:23:40]} {[%emt 00:01:03]} Bxe5
{[%clk 01:21:22]} {[%emt 00:01:30]} 16. f4 {[%clk 01:22:47]} {[%emt 00:01:22]}
gxf4 {[%clk 01:21:47]} {[%emt 00:00:04]} 17. Bxf4 {[%clk 01:22:52]} {[%emt
00:00:25]} Qe7 {[%clk 01:00:40]} {[%emt 00:21:37]} 18. Bxe5 {[%clk 01:10:41]}
{[%emt 00:12:42]} dxe5 {[%clk 01:00:56]} {[%emt 00:00:14]} 19. Qh5 {[%clk
01:10:55]} {[%emt 00:00:16]} Kd8 {[%clk 01:01:06]} {[%emt 00:00:20]} 20. Rxe5
{[%emt 00:12:10]} Bg4 {[%clk 00:58:51]} {[%emt 00:00:42]} 21. Rxe7 {[%clk
00:57:59]} {[%emt 00:03:49]} Bxh5 {[%clk 00:59:11]} {[%emt 00:00:10]} 22. Rae1
{[%clk 00:56:12]} {[%emt 00:02:16]} Rb8 {[%clk 00:46:08]} {[%emt 00:13:33]} 23.
Bb3 {[%clk 00:45:49]} {[%emt 00:10:54]} b6 {[%clk 00:44:16]} {[%emt 00:02:22]}
24. axb6 {[%clk 00:45:40]} {[%emt 00:00:39]} Rxb6 {[%clk 00:44:36]} {[%emt
00:00:09]} 25. Ba4 {[%clk 00:45:53]} {[%emt 00:00:17]} Kc8 {[%clk 00:38:01]}
{[%emt 00:07:06]} 26. Bc6 {[%clk 00:38:20]} {[%emt 00:08:03]} Rd8 {[%clk
00:37:01]} {[%emt 00:01:30]} 27. c4 {[%clk 00:35:20]} {[%emt 00:03:30]} a5
{[%clk 00:32:09]} {[%emt 00:05:22]} 28. c5 {[%clk 00:33:24]} {[%emt 00:02:26]}
Rb4 {[%clk 00:26:03]} {[%emt 00:06:36]} 29. Ra1 {[%clk 00:27:26]} {[%emt
00:06:28]} a4 {[%clk 00:26:27]} {[%emt 00:00:05]} 30. Bxa4 {[%clk 00:27:26]}
{[%emt 00:00:30]} Rxd5 {[%clk 00:26:43]} {[%emt 00:00:14]} 31. Bc6 {[%clk
00:27:14]} {[%emt 00:00:42]} Rd8 {[%clk 00:27:06]} {[%emt 00:00:07]} 32. h3
{[%emt 00:06:35]} Bg6 {[%emt 00:01:05]} 33. Kh2 {[%emt 00:02:39]} Bf5 {[%emt
00:02:06]} 34. Ra7 {[%clk 00:23:03]} {[%emt 00:00:04]} Rb8 {[%clk 00:21:39]}
{[%emt 00:00:09]} 35. Raxc7# {[%clk 00:23:28]} {[%emt 00:00:06]} 1-0

[Event "DVM U20 2021"]
[Site "Kiel GER"]
[Date "2022.07.23"]
[Round "2"]
[White "Garbuz, Vitaliy"]
[Black "Woelk, Tom-Frederic"]
[Result "1/2-1/2"]
[Termination "normal"]
[Board "1.2"]
[BlackTitle "FM"]
[WhiteElo "2088"]
[BlackElo "2314"]
[WhiteClock "00:03:04"]
[BlackClock "00:00:59"]
[WhiteTeam "Schachfreunde Brackel 1930 e. V."]
[BlackTeam "Hamburger SK von 1830 eV"]
[PlyCount "180"]
[WhiteFideId "12990710"]
[BlackFideId "12993077"]
[EventCountry "GER"]
[EventRounds "7"]
[EventType "team-swiss"]
[EventDate "2022.07.22"]

1. e4 {[%clk 01:30:36]} {[%emt 00:00:04]} c5 {[%clk 01:31:19]} 2. d4 {[%clk
01:31:00]} cxd4 {[%clk 01:31:44]} 3. c3 {[%clk 01:31:19]} Nf6 {[%clk 01:32:07]}
4. e5 {[%clk 01:31:36]} Nd5 {[%clk 01:32:27]} 5. Nf3 {[%clk 01:31:01]} e6
{[%clk 01:32:49]} 6. cxd4 {[%clk 01:30:17]} d6 {[%clk 01:33:09]} 7. a3 {[%clk
01:30:41]} Bd7 {[%clk 01:30:05]} 8. Bd3 {[%clk 01:27:41]} {[%emt 00:09:42]} Be7
{[%clk 01:23:32]} 9. O-O {[%clk 01:25:11]} Bc6 {[%clk 01:22:21]} 10. Re1 {[%clk
01:24:35]} Nd7 {[%clk 00:56:00]} 11. b4 {[%clk 01:24:33]} a6 {[%clk 00:53:55]}
{[%emt 00:44:05]} 12. Nbd2 {[%clk 01:13:54]} dxe5 {[%clk 00:53:00]} 13. dxe5
{[%clk 00:49:10]} {[%emt 00:36:11]} Nc3 {[%clk 00:50:38]} 14. Qc2 {[%clk
00:48:53]} Rc8 {[%clk 00:50:34]} 15. Qxc3 {[%clk 00:49:14]} {[%emt 00:06:05]}
Bxf3 {[%clk 00:49:48]} 16. Qd4 {[%clk 00:46:45]} Bc6 {[%clk 00:26:30]} {[%emt
00:15:01]} 17. Nc4 {[%clk 00:15:52]} {[%emt 00:31:25]} Nc5 {[%clk 00:25:44]}
{[%emt 00:14:07]} 18. Nd6+ {[%clk 00:14:22]} Bxd6 {[%clk 00:25:59]} 19. exd6
{[%clk 00:14:45]} Nxd3 {[%clk 00:18:12]} 20. Qxd3 {[%clk 00:12:41]} Qf6 {[%clk
00:16:06]} 21. Be3 {[%clk 00:12:41]} Qg6 {[%clk 00:15:26]} 22. Qxg6 {[%clk
00:13:07]} hxg6 {[%clk 00:12:59]} 23. Bb6 {[%clk 00:13:16]} Kd7 {[%clk
00:13:10]} 24. Bc7 {[%clk 00:13:35]} Rh5 {[%clk 00:11:38]} 25. f3 {[%clk
00:12:53]} Rch8 {[%clk 00:11:45]} 26. h3 {[%clk 00:09:47]} Rd5 {[%clk
00:07:43]} 27. Rad1 {[%clk 00:09:33]} Rhh5 {[%clk 00:06:56]} {[%emt 00:34:15]}
28. Kf2 {[%clk 00:09:43]} {[%emt 00:01:07]} Ba4 {[%clk 00:06:58]} 29. Rxd5
{[%clk 00:10:09]} Rxd5 {[%clk 00:07:05]} 30. Re3 {[%clk 00:07:36]} Rd4 {[%clk
00:05:44]} 31. Re4 {[%clk 00:07:29]} Rd2+ {[%clk 00:06:08]} 32. Re2 {[%clk
00:07:52]} Rd5 {[%clk 00:05:32]} 33. Re3 {[%clk 00:08:11]} Bb5 {[%clk
00:03:52]} 34. g4 {[%clk 00:04:38]} {[%emt 00:12:23]} g5 {[%clk 00:04:04]} 35.
Kg3 {[%clk 00:03:38]} {[%emt 00:02:34]} Rd1 {[%clk 00:04:03]} 36. h4 {[%clk
00:03:07]} gxh4+ {[%clk 00:04:26]} 37. Kxh4 {[%clk 00:03:08]} Rg1 {[%clk
00:01:31]} 38. Kg5 {[%clk 00:02:11]} Rh1 {[%clk 00:00:33]} 39. Kf4 {[%clk
00:02:08]} Rh3 {[%clk 00:00:34]} 40. g5 {[%clk 00:01:35]} Ba4 {[%clk 00:29:23]}
41. Kg4 {[%clk 00:30:26]} Rh1 {[%clk 00:26:34]} 42. Kg3 {[%clk 00:28:32]} Rg1+
{[%clk 00:23:26]} 43. Kh4 {[%clk 00:25:56]} f6 {[%clk 00:22:35]} {[%emt
00:28:24]} 44. f4 {[%clk 00:23:57]} {[%emt 00:02:27]} Bd1 {[%clk 00:20:38]}
{[%emt 00:02:13]} 45. gxf6 {[%clk 00:24:07]} {[%emt 00:00:57]} gxf6 {[%clk
00:17:57]} 46. Rg3 {[%clk 00:22:04]} {[%emt 00:05:27]} Rh1+ {[%clk 00:18:19]}
47. Rh3 {[%clk 00:22:31]} Rf1 {[%clk 00:16:39]} 48. Kg3 {[%clk 00:22:55]} Rf3+
{[%clk 00:13:02]} 49. Kh2 {[%clk 00:22:40]} Rxf4 {[%clk 00:12:49]} 50. Rh7+
{[%clk 00:23:00]} Kc6 {[%clk 00:12:19]} 51. Bb8 {[%clk 00:16:12]} Ba4 {[%clk
00:10:22]} 52. Rc7+ {[%clk 00:15:50]} Kb6 {[%clk 00:05:15]} 53. Re7 {[%clk
00:10:19]} Rd4 {[%clk 00:03:51]} 54. Rxe6 {[%clk 00:02:35]} f5 {[%clk
00:01:17]} 55. Re7 {[%clk 00:01:38]} Bc6 {[%clk 00:01:08]} 56. Bc7+ {[%clk
00:01:26]} Kb5 {[%clk 00:00:53]} 57. Re5+ {[%clk 00:01:52]} Ka4 {[%clk
00:00:41]} 58. Rxf5 {[%clk 00:02:16]} Kxa3 {[%clk 00:00:32]} 59. Ba5 {[%clk
00:02:32]} Rxd6 {[%clk 00:00:37]} 60. Rf4 {[%clk 00:01:06]} Bb5 {[%clk
00:00:36]} 61. Bc7 {[%clk 00:01:21]} Rd3 {[%clk 00:00:32]} 62. Ba5 {[%clk
00:01:33]} Ka4 {[%clk 00:00:32]} 63. Bb6 {[%clk 00:01:13]} Bc6 {[%clk
00:00:34]} 64. Bc5 {[%clk 00:01:25]} Kb5 {[%clk 00:00:35]} 65. Rf5 {[%clk
00:01:29]} Bd5 {[%clk 00:00:45]} 66. Bf8 {[%clk 00:00:57]} Kc4 {[%clk
00:00:50]} 67. Kg1 {[%clk 00:00:47]} Bc6 {[%clk 00:01:01]} 68. Kf2 {[%clk
00:00:46]} Rb3 {[%clk 00:01:13]} 69. Rf4+ {[%clk 00:00:55]} Kd5 {[%clk
00:00:35]} 70. Ke1 {[%clk 00:01:08]} Rb2 {[%clk 00:00:39]} 71. Kd1 {[%clk
00:00:57]} Ke6 {[%clk 00:00:55]} 72. Kc1 {[%clk 00:01:22]} Rg2 {[%clk
00:01:06]} 73. Bc5 {[%clk 00:01:34]} Ke5 {[%clk 00:01:20]} 74. Rf2 {[%clk
00:01:32]} Rg6 {[%clk 00:01:27]} 75. Kb2 {[%clk 00:01:30]} Kd5 {[%clk
00:00:39]} 76. Rd2+ {[%clk 00:01:35]} Kc4 {[%clk 00:00:39]} 77. Bd6 {[%clk
00:00:54]} Kb5 {[%clk 00:00:37]} 78. Bf8 {[%clk 00:00:46]} Rg3 {[%clk
00:00:48]} 79. Bd6 {[%clk 00:01:13]} Rf3 {[%clk 00:01:01]} 80. Rc2 {[%clk
00:01:08]} Ka4 {[%clk 00:00:50]} 81. Rc3 {[%clk 00:01:19]} Rf2+ {[%clk
00:01:14]} 82. Rc2 {[%clk 00:01:20]} Rf6 {[%clk 00:01:05]} 83. Be7 {[%clk
00:01:46]} Re6 {[%clk 00:01:21]} 84. Bf8 {[%clk 00:02:02]} a5 {[%clk 00:01:25]}
85. bxa5 {[%clk 00:02:27]} Kxa5 {[%clk 00:00:59]} 86. Rc3 {[%clk 00:02:35]} Ba4
{[%clk 00:00:36]} 87. Ka3 {[%clk 00:02:46]} Re4 {[%clk 00:00:41]} 88. Bd6
{[%clk 00:02:39]} b5 {[%clk 00:00:40]} 89. Bc7+ {[%clk 00:03:04]} Ka6 {[%clk
00:00:59]} 90. Bd6 Ka5 {[%emt 01:20:17]} 1/2-1/2

[Event "DVM U20 2021"]
[Site "Kiel GER"]
[Date "2022.07.23"]
[Round "2"]
[White "Holinka, Henning"]
[Black "Kracht, Raphael"]
[Result "1-0"]
[Termination "normal"]
[Board "1.3"]
[WhiteElo "2251"]
[BlackElo "2045"]
[WhiteClock "00:15:47"]
[BlackClock "00:01:13"]
[WhiteTeam "Hamburger SK von 1830 eV"]
[BlackTeam "Schachfreunde Brackel 1930 e. V."]
[PlyCount "107"]
[WhiteFideId "12967084"]
[BlackFideId "16214382"]
[EventCountry "GER"]
[EventRounds "7"]
[EventType "team-swiss"]
[EventDate "2022.07.22"]

1. e4 {[%clk 01:30:55]} {[%emt 00:00:04]} e5 {[%clk 01:30:39]} {[%emt
00:00:22]} 2. Nf3 {[%clk 01:31:14]} {[%emt 00:00:09]} Nc6 {[%clk 01:31:03]}
{[%emt 00:00:08]} 3. Bc4 {[%clk 01:30:59]} {[%emt 00:00:44]} Bc5 {[%clk
01:28:07]} {[%emt 00:03:26]} 4. d3 {[%clk 01:29:02]} {[%emt 00:02:27]} Nf6
{[%clk 01:28:32]} {[%emt 00:00:04]} 5. a4 {[%emt 00:02:24]} a6 {[%clk
01:26:47]} {[%emt 00:00:45]} 6. O-O {[%clk 01:26:50]} {[%emt 00:02:19]} O-O
{[%clk 01:27:14]} {[%emt 00:00:03]} 7. Nbd2 {[%clk 01:26:50]} {[%emt 00:00:30]}
d5 {[%clk 01:18:09]} {[%emt 00:09:35]} 8. exd5 {[%clk 01:25:13]} {[%emt
00:02:07]} Nxd5 {[%clk 01:18:33]} {[%emt 00:00:06]} 9. Re1 {[%clk 01:24:50]}
{[%emt 00:00:53]} Bg4 {[%clk 01:17:17]} {[%emt 00:01:46]} 10. Ne4 {[%clk
01:24:11]} {[%emt 00:01:09]} Be7 {[%clk 01:07:59]} {[%emt 00:09:48]} 11. h3
{[%clk 01:23:28]} {[%emt 00:01:12]} Bxf3 {[%clk 01:07:34]} {[%emt 00:00:56]}
12. Qxf3 {[%clk 01:23:51]} {[%emt 00:00:07]} Nd4 {[%clk 01:07:36]} {[%emt
00:00:28]} 13. Qd1 {[%clk 01:23:42]} {[%emt 00:00:39]} b5 {[%clk 01:07:27]}
{[%emt 00:00:39]} 14. Ba2 {[%clk 01:17:06]} {[%emt 00:07:06]} c6 {[%clk
00:56:17]} {[%emt 00:11:40]} 15. Ng3 {[%clk 01:15:31]} {[%emt 00:02:05]} Qc7
{[%clk 00:35:17]} {[%emt 00:21:31]} 16. c3 {[%clk 01:10:43]} {[%emt 00:05:17]}
Ne6 {[%clk 00:35:36]} {[%emt 00:00:11]} 17. Nf5 {[%clk 01:10:16]} {[%emt
00:00:57]} Bf6 {[%clk 00:35:00]} {[%emt 00:01:06]} 18. Qf3 {[%clk 01:06:50]}
{[%emt 00:03:55]} Rad8 {[%clk 00:33:37]} {[%emt 00:01:53]} 19. Re4 {[%clk
01:03:36]} {[%emt 00:03:44]} Ndf4 {[%clk 00:19:51]} {[%emt 00:14:16]} 20. Bxf4
{[%clk 01:01:59]} {[%emt 00:02:07]} Nxf4 {[%clk 00:16:21]} {[%emt 00:04:01]}
21. d4 {[%clk 01:01:52]} {[%emt 00:00:37]} Nd5 {[%clk 00:14:35]} {[%emt
00:02:16]} 22. dxe5 {[%clk 01:00:46]} {[%emt 00:01:36]} Bxe5 {[%clk 00:14:43]}
{[%emt 00:00:22]} 23. Rae1 {[%clk 01:00:43]} {[%emt 00:00:32]} Bf6 {[%clk
00:11:31]} {[%emt 00:03:43]} 24. Ng3 {[%clk 00:43:30]} {[%emt 00:17:43]} g6
{[%clk 00:10:18]} {[%emt 00:01:42]} 25. axb5 {[%clk 00:41:37]} {[%emt
00:02:23]} axb5 {[%clk 00:09:53]} {[%emt 00:00:56]} 26. Bxd5 {[%clk 00:39:01]}
{[%emt 00:03:06]} cxd5 {[%clk 00:10:17]} {[%emt 00:00:06]} 27. Rb4 {[%clk
00:37:12]} {[%emt 00:02:19]} Qc6 {[%clk 00:09:08]} {[%emt 00:01:40]} 28. Qd3
{[%clk 00:36:19]} {[%emt 00:01:22]} Rb8 {[%clk 00:07:58]} {[%emt 00:01:39]} 29.
Rd1 {[%clk 00:35:49]} {[%emt 00:01:00]} Rfd8 {[%clk 00:07:17]} {[%emt
00:01:11]} 30. Ne2 {[%clk 00:34:41]} {[%emt 00:01:38]} h5 {[%clk 00:01:48]}
{[%emt 00:06:00]} 31. Nd4 {[%clk 00:32:25]} {[%emt 00:02:46]} Qe8 {[%clk
00:00:41]} {[%emt 00:01:37]} 32. Nxb5 {[%clk 00:31:48]} {[%emt 00:01:06]} d4
{[%clk 00:00:36]} {[%emt 00:00:36]} 33. c4 {[%clk 00:30:09]} {[%emt 00:02:09]}
Qc6 {[%clk 00:00:37]} {[%emt 00:00:28]} 34. Ra4 {[%clk 00:27:09]} {[%emt
00:03:30]} Re8 {[%clk 00:00:40]} {[%emt 00:00:27]} 35. Ra7 {[%clk 00:26:03]}
{[%emt 00:01:36]} Qc5 {[%clk 00:00:35]} {[%emt 00:00:36]} 36. Rd7 {[%clk
00:16:13]} {[%emt 00:10:19]} Qb4 {[%clk 00:00:59]} {[%emt 00:00:06]} 37. Qf3
{[%clk 00:16:04]} {[%emt 00:00:39]} Rb6 {[%emt 00:00:58]} 38. g4 {[%clk
00:06:20]} {[%emt 00:10:13]} hxg4 {[%clk 00:00:43]} {[%emt 00:00:19]} 39. hxg4
{[%clk 00:06:43]} {[%emt 00:00:07]} Re1+ {[%clk 00:00:39]} {[%emt 00:00:34]}
40. Rxe1 {[%clk 00:05:57]} {[%emt 00:01:16]} Qxe1+ {[%clk 00:01:05]} {[%emt
00:00:05]} 41. Kg2 {[%clk 00:05:30]} {[%emt 00:00:56]} Qe6 {[%clk 00:19:24]}
{[%emt 00:12:11]} 42. Rd5 {[%clk 00:34:26]} {[%emt 00:01:34]} d3 {[%clk
00:15:31]} {[%emt 00:04:23]} 43. b3 {[%clk 00:34:01]} {[%emt 00:00:56]} Kg7
{[%clk 00:12:38]} {[%emt 00:03:23]} 44. Rxd3 {[%clk 00:31:37]} {[%emt
00:02:53]} Rb8 {[%clk 00:12:15]} {[%emt 00:00:54]} 45. Rd6 {[%clk 00:28:43]}
{[%emt 00:03:24]} Qe5 {[%clk 00:12:32]} {[%emt 00:00:13]} 46. Rd5 {[%clk
00:28:29]} {[%emt 00:00:44]} Qe7 {[%clk 00:08:28]} {[%emt 00:04:34]} 47. Qe3
{[%clk 00:23:33]} {[%emt 00:05:25]} Qb4 {[%clk 00:05:56]} {[%emt 00:03:02]} 48.
Nc7 {[%clk 00:21:43]} {[%emt 00:02:20]} Qf8 {[%clk 00:02:18]} {[%emt 00:04:09]}
49. Rd7 {[%clk 00:21:39]} {[%emt 00:00:33]} Kg8 {[%clk 00:02:42]} {[%emt
00:00:06]} 50. Nd5 {[%clk 00:20:58]} {[%emt 00:01:11]} Bb2 {[%clk 00:02:51]}
{[%emt 00:00:20]} 51. c5 {[%clk 00:16:09]} {[%emt 00:05:20]} Ra8 {[%clk
00:01:42]} {[%emt 00:01:40]} 52. c6 {[%clk 00:15:49]} {[%emt 00:00:49]} Kh8
{[%clk 00:01:04]} {[%emt 00:01:07]} 53. c7 {[%clk 00:15:45]} {[%emt 00:00:35]}
Re8 {[%clk 00:01:13]} {[%emt 00:00:21]} 54. Qxe8 {[%clk 00:15:47]} {[%emt
00:00:28]} 1-0